|
|
|
|
| LEADER |
00000nab a2200000 a 4500 |
| 001 |
vtls000188425 |
| 003 |
SK-MaSNL |
| 005 |
20260302205612.0 |
| 008 |
111106c1984 xo 0 slo |
| 015 |
|
|
|a SNBRB19rr/mm-uuuuu
|
| 035 |
|
|
|a CL0198538
|
| 040 |
|
|
|a SNKBUCL
|b slo
|c SNKBUCL
|e AACR2
|
| 041 |
0 |
|
|a slo
|
| 044 |
|
|
|a xo
|c SK
|
| 080 |
|
|
|a 793.31.091.4+784.4.091.4
|2 1981
|
| 080 |
|
|
|a 784.4.091.4
|2 1981
|
| 100 |
1 |
|
|a Ruttkay, Miroslav
|4 aut
|9 269524
|
| 245 |
1 |
0 |
|a Oslava života, slobody a krásy
|b Jubilejný 30. ročník folklórneho festivalu Východná
|c Miroslav Ruttkay
|
| 650 |
0 |
7 |
|a Východná 1984 Východná, Slovensko
|2 snkbucl
|9 922099
|
| 651 |
|
7 |
|a 5304
|2 snkbucl
|9 277630
|
| 655 |
|
7 |
|a články z novín a časopisov
|2 snkbucl
|9 267496
|
| 773 |
0 |
|
|t Pravda
|g Roč. 65, č. 160 (9. 7. 1984), s. 1-2
|
| 850 |
|
|
|a Slovenská národná knižnica v Martine
|a MTA001
|
| 852 |
|
|
|a SNK
|b KIS3GCP
|
| 958 |
|
|
|a RK
|
| 992 |
|
|
|a RBX
|
| 999 |
|
|
|c 1478513
|d 1480443
|